Characterisation methods in inorganic chemistry / (Record no. 598317)

000 -LEADER
fixed length control field 00294nam a2200109Ia 4500
008 - FIXED-LENGTH DATA ELEMENTS--GENERAL INFORMATION
fixed length control field 230907s9999||||xx |||||||||||||| ||und||
082 ## - DEWEY DECIMAL CLASSIFICATION NUMBER
Classification number 546
Author Mark WEL
100 ## - MAIN ENTRY--PERSONAL NAME
Personal name Weller, Mark T.,
9 (RLIN) 115398
245 #0 - TITLE STATEMENT
Title Characterisation methods in inorganic chemistry /
300 ## - PHYSICAL DESCRIPTION
Extent xvi, 320 pages :
942 ## - ADDED ENTRY ELEMENTS (KOHA)
Koha item type Book
Holdings
Withdrawn status Lost status Damaged status Not for loan Permanent Location Current Location Date acquired Total Checkouts Full call number Barcode Date last seen Price effective from Koha item type
        US-Pakistan Center for Advanced Studies in Energy (USPCAS-E) US-Pakistan Center for Advanced Studies in Energy (USPCAS-E) 08/03/2018   546 WEL CAS-E0002416 09/12/2023 09/12/2023 Book
© 2023 Central Library, National University of Sciences and Technology. All Rights Reserved.